00695nam a22002177a 4500003000500000005001700005008004100022010001000063011001000073035001000083040000900093082001600102100002100118245011600139260009300255300000900348490003700357650002300394700002300417830003700440CHAP20220329134340.0971013s r 00010 d a19136 a20108 a24196 cCHAP a338.177bA500aAllred, Wells M. aNivel económico mínimo de producción de leche por vaca en los establos situados alrededor de Lima, Perú aLima :bInstituto Interamericano de Ciencias Agrícolas de la OEA, Zona Andina,c(s.a.) a19 p aPublicación misceláneav; 1314aIndustria lechera.0 aGiles S., Antonio.0 aPublicación misceláneav; 13